| 000 | 00497nam a2200145 a 4500 | ||
|---|---|---|---|
| 008 | 120416s9999 ||||||||||||||||| || u | ||
| 050 | _aHB 171.5 Gil | ||
| 100 | _aGill, Richard T | ||
| 245 | 1 | 0 | _aEconomics and the private interest |
| 246 | _aan introduction to microeconomics | ||
| 250 | _a2nd ed. | ||
| 260 | _a[1976] | ||
| 350 | _a0.00 | ||
| 995 |
_D0.00 _FCBU-MAIN LIBRARY (Kitwe) _H1 _I0.00 _UAVAILABLE _ZAnnex Low-Usage Collection |
||
| 999 |
_c40981 _d40981 |
||